000
00325nam a2200145Ia 4500
008
150201s2008 xx 000 0 und d
082
_a
615
_b
P08U
100
_a
UDAYKUMAR,P
245
_a
TB OF PHARMACOLOGY
250
_a
2ND
260
_b
CBS
_a
DELHI
_c
2008
300
_a
1-581
650
_a
PHARMACOLOGY
942
_2
ddc
_c
BK
_0
20
999
_c
408
_d
408